01187nam a2200301Ia 4500001001200000003000800012006001900020007001500039008004100054010001700095020002900112040002100141035002100162050002600183082001600209245011000225260003400335300002500369504005200394533015200446650001900598650002800617655002900645700003000674700003800704710001700742856012600759ebr10411511CaPaEBRm u cr cn|||||||||100302s2010 njua sb 001 0 eng d z 2010008428 z9780470411964 (hardback) aCaPaEBRcCaPaEBR a(OCoLC)66245307614aRS431.P75bA34 2010eb04a615.5/822200aAggregation of therapeutic proteinsh[electronic resource] /cedited by Wei Wang, Christopher J. Roberts. aHoboken, NJ :bWiley,cc2010. axxii, 486 p. :bill. aIncludes bibliographical references and index. aElectronic reproduction.bPalo Alto, Calif. :cebrary,d2010.nAvailable via World Wide Web.nAccess may be limited to ebrary affiliated libraries. 0aProtein drugs. 0aAggregation (Chemistry) 7aElectronic books.2local1 aWang, Wei,d1957 Mar. 10-1 aRoberts, Christopher John,d1972-2 aebrary, Inc.40uhttp://site.ebrary.com/lib/rucke/Doc?id=10411511zAn electronic book accessible through the World Wide Web; click to view